[Event "Nizhnij Novgorod Region-ch"]
[Site "Nizhnij Novgorod"]
[Date "2013.10.19"]
[Round "6"]
[White "Ikonnikov, Georgy"]
[Black "Valitov, Eldar"]
[Result "0-1"]
[WhiteElo "1941"]
[BlackElo "1771"]
[PlyCount "60"]
[EventDate "2013.10.19"]
[EventType "swiss"]
[EventRounds "9"]
[EventCountry "RUS"]
[SourceTitle "EXT 2022"]
[Source "ChessBase"]
[SourceDate "2021.10.06"]
[SourceVersion "1"]
[SourceVersionDate "2021.10.06"]
[SourceQuality "1"]

1. e3 e6 2. Nf3 c5 3. Be2 Nc6 4. c4 Nf6 5. Nc3 Be7 6. d4 cxd4 7. exd4 d5 8. cxd5 Nxd5 9. 0-0 Nxc3 10. bxc3 0-0 11. a4 b6 12. Ba3 Bxa3 13. Rxa3 Bb7 14. Qd2 Rc8 15. Qg5 Qxg5 16. Nxg5 Na5 17. Rc1 Bd5 18. f3 Nb3 19. Re1 Rxc3 20. Rd1 Nxd4 21. Rxd4 Rxa3 22. h4 Rc8 23. Bd3 h6 24. Nh3 Rc1+ 25. Kh2 Rd1 26. Bh7+ Kxh7 27. Rxd1 Rxa4 28. Rc1 Rc4 29. Ra1 a5 30. Nf2 Rxh4+ 0-1

[Event "Nizhnij Novgorod U20"]
[Site "Nizhnij Novgorod"]
[Date "2012.02.15"]
[Round "?"]
[White "Popov, Nikita A"]
[Black "Valitov, Eldar"]
[Result "1-0"]
[WhiteElo "1841"]
[BlackElo "1709"]
[PlyCount "81"]
[EventDate "2012.02.10"]
[EventType "swiss"]
[EventRounds "7"]
[EventCountry "RUS"]
[SourceTitle "EXT 2022"]
[Source "ChessBase"]
[SourceDate "2021.10.06"]
[SourceVersion "1"]
[SourceVersionDate "2021.10.06"]
[SourceQuality "1"]

1. d4 e6 2. Nf3 Nf6 3. Bg5 b6 4. c4 h6 5. Bf4 Bb7 6. Nc3 Bb4 7. e3 0-0 8. Bd3 d6 9. 0-0 Bxc3 10. bxc3 Nbd7 11. Rb1 Qe7 12. Bc2 c5 13. dxc5 Bxf3 14. gxf3 e5 15. cxd6 Qe6 16. Bg3 Qxc4 17. Bb3 Qxc3 18. Rc1 Qa5 19. Rc7 Rac8 20. Qc2 Qa6 21. Rc1 Rxc7 22. Qxc7 Nc5 23. Bc4 Qa3 24. Rc2 Qa4 25. Bb3 Nxb3 26. axb3 Qxb3 27. Bxe5 Nd5 28. Qc4 Qb1+ 29. Rc1 Qg6+ 30. Bg3 Nf6 31. Rd1 Qf5 32. Kg2 h5 33. e4 Qd7 34. e5 Nh7 35. Rc1 Ng5 36. Qh4 Ne6 37. Qxh5 a5 38. Rc4 g6 39. Qh6 Ng5 40. Bh4 Qe6 41. Bxg5 1-0